[Event "DVM U16 2019"]
[Site "Magdeburg GER"]
[Date "2019.12.27"]
[Round "1"]
[White "Pahl, Erik"]
[Black "Köllner, Ruben Gideon"]
[Result "0-1"]
[Termination "normal"]
[Board "1.1"]
[BlackTitle "FM"]
[WhiteElo "2030"]
[BlackElo "2330"]
[WhiteClock "00:35:17"]
[BlackClock "00:14:38"]
[WhiteTeam "Delmenhorster SK V 1931"]
[BlackTeam "Schachgesellschaft Bochum 1931"]
[PlyCount "110"]
[WhiteFideId "16201272"]
[BlackFideId "12993093"]
[EventCountry "GER"]
[EventRounds "7"]
[EventType "team-swiss"]
[EventDate "2019.12.26"]

1. c4 {[%clk 1:30:42]} e6 {[%clk 1:30:21]} 2. Nc3 {[%clk 1:31:02]} d5 {[%clk
1:30:38]} 3. d4 {[%clk 1:31:26]} Nf6 {[%clk 1:30:30]} 4. cxd5 {[%clk 1:31:48]}
exd5 {[%clk 1:30:53]} 5. Bg5 {[%clk 1:32:12]} Be7 {[%clk 1:30:48]} 6. e3 {[%clk
1:32:34]} c6 {[%clk 1:30:49]} 7. Bd3 {[%clk 1:32:42]} h6 {[%clk 1:28:51]} 8.
Bh4 {[%clk 1:32:45]} Ne4 {[%clk 1:17:48]} 9. Bxe7 {[%clk 1:31:13]} Qxe7 {[%clk
1:18:16]} 10. Qc2 {[%clk 1:30:59]} Nd6 {[%clk 1:06:45]} 11. Nge2 {[%clk
1:30:18]} Be6 {[%clk 1:00:05]} 12. O-O {[%clk 1:30:07]} O-O {[%clk 1:00:21]}
13. Rae1 {[%clk 1:29:12]} Nd7 {[%clk 0:58:34]} 14. Nc1 {[%clk 1:29:03]} Qf6
{[%clk 0:54:38]} 15. Na4 {[%clk 1:24:20]} Rac8 {[%clk 0:48:45]} 16. Nc5 {[%clk
1:16:34]} Rfd8 {[%clk 0:32:08]} 17. N1b3 {[%clk 1:09:45]} b6 {[%clk 0:23:21]}
18. Nxd7 {[%clk 1:09:42]} Rxd7 {[%clk 0:21:50]} 19. Rc1 {[%clk 1:09:29]} Rdc7
{[%clk 0:21:05]} 20. Qd2 {[%clk 1:03:52]} a5 {[%clk 0:16:07]} 21. a4 {[%clk
1:02:28]} Qe7 {[%clk 0:14:08]} 22. Rfd1 {[%clk 0:57:52]} Ra8 {[%clk 0:10:02]}
23. Rc2 {[%clk 0:55:51]} Nc4 {[%clk 0:06:53]} 24. Qe2 {[%clk 0:47:13]} Qb4
{[%clk 0:02:40]} 25. Nc1 {[%clk 0:46:26]} c5 {[%clk 0:01:49]} 26. Bxc4 {[%clk
0:46:06]} dxc4 {[%clk 0:01:24]} 27. d5 {[%clk 0:46:18]} Bc8 {[%clk 0:01:25]}
28. Qxc4 {[%clk 0:36:08]} Bf5 {[%clk 0:01:50]} 29. e4 {[%clk 0:35:51]} Bxe4
{[%clk 0:02:00]} 30. Qxb4 {[%clk 0:35:19]} axb4 {[%clk 0:02:29]} 31. Re2 {[%clk
0:35:29]} Bf5 {[%clk 0:02:36]} 32. b3 {[%clk 0:31:11]} Rd7 {[%clk 0:02:49]} 33.
Re5 {[%clk 0:27:57]} g6 {[%clk 0:02:19]} 34. d6 {[%clk 0:21:51]} Be6 {[%clk
0:02:05]} 35. Re3 {[%clk 0:21:45]} Rad8 {[%clk 0:01:53]} 36. Red3 {[%clk
0:21:56]} f6 {[%clk 0:01:55]} 37. f4 {[%clk 0:19:57]} Kf7 {[%clk 0:01:56]} 38.
Kf2 {[%clk 0:19:34]} Bf5 {[%clk 0:02:19]} 39. R3d2 {[%clk 0:17:47]} Bg4 {[%clk
0:02:42]} 40. Ne2 {[%clk 0:17:19]} Bxe2 {[%clk 0:02:50]} 41. Kxe2 {[%clk
0:17:03]} Ke6 {[%clk 0:03:16]} 42. a5 {[%clk 0:15:29]} bxa5 {[%clk 0:27:37]}
43. Ra1 {[%clk 0:44:49]} Ra8 {[%clk 0:17:39]} 44. Rc2 {[%clk 0:44:10]} Kxd6
{[%clk 0:16:52]} 45. Rd1+ {[%clk 0:44:31]} Ke6 {[%clk 0:17:07]} 46. Rxd7 {[%clk
0:44:11]} Kxd7 {[%clk 0:17:35]} 47. Rxc5 {[%clk 0:44:29]} Kd6 {[%clk 0:17:59]}
48. Rc4 {[%clk 0:44:00]} a4 {[%clk 0:15:40]} 49. bxa4 {[%clk 0:39:15]} Rxa4
{[%clk 0:16:07]} 50. Kd3 {[%clk 0:38:31]} Kd5 {[%clk 0:16:10]} 51. Rd4+ {[%clk
0:37:35]} Kc5 {[%clk 0:16:18]} 52. Rc4+ {[%clk 0:37:20]} Kb5 {[%clk 0:15:28]}
53. Rc2 {[%clk 0:35:48]} Ra6 {[%clk 0:14:32]} 54. g3 {[%clk 0:34:55]} Rd6+
{[%clk 0:14:56]} 55. Ke3 {[%clk 0:35:17]} b3 {[%clk 0:14:38]} 0-1

[Event "DVM U16 2019"]
[Site "Magdeburg GER"]
[Date "2019.12.27"]
[Round "1"]
[White "Biermann, Florian"]
[Black "Pahl, Theis"]
[Result "1/2-1/2"]
[Termination "normal"]
[Board "1.2"]
[WhiteElo "2044"]
[BlackElo "2022"]
[WhiteClock "00:08:57"]
[BlackClock "00:04:57"]
[WhiteTeam "Schachgesellschaft Bochum 1931"]
[BlackTeam "Delmenhorster SK V 1931"]
[PlyCount "62"]
[WhiteFideId "12970069"]
[BlackFideId "16201264"]
[EventCountry "GER"]
[EventRounds "7"]
[EventType "team-swiss"]
[EventDate "2019.12.26"]

1. c4 {[%clk 1:30:57]} e5 {[%clk 1:30:51]} 2. g3 {[%clk 1:31:16]} Nc6 {[%clk
1:31:03]} 3. Bg2 {[%clk 1:31:23]} Bc5 {[%clk 1:31:04]} 4. Nc3 {[%clk 1:30:14]}
a6 {[%clk 1:30:46]} 5. e3 {[%clk 1:26:18]} d6 {[%clk 1:27:57]} 6. Rb1 {[%clk
1:21:42]} Bd7 {[%clk 1:21:05]} 7. Nge2 {[%clk 1:17:54]} Nf6 {[%clk 1:19:22]} 8.
h3 {[%clk 1:10:27]} Rb8 {[%clk 1:14:33]} 9. d4 {[%clk 1:07:50]} Ba7 {[%clk
1:02:37]} 10. b4 {[%clk 0:56:09]} O-O {[%clk 0:55:52]} 11. O-O {[%clk 0:49:03]}
h5 {[%clk 0:47:48]} 12. a4 {[%clk 0:46:05]} exd4 {[%clk 0:46:56]} 13. exd4
{[%clk 0:45:45]} Bf5 {[%clk 0:46:44]} 14. Rb2 {[%clk 0:42:06]} Qd7 {[%clk
0:46:32]} 15. Kh2 {[%clk 0:41:29]} Rfe8 {[%clk 0:45:53]} 16. Bf4 {[%clk
0:34:27]} Ne4 {[%clk 0:42:09]} 17. c5 {[%clk 0:32:48]} a5 {[%clk 0:37:10]} 18.
b5 {[%clk 0:26:49]} Nb4 {[%clk 0:37:16]} 19. Nxe4 {[%clk 0:25:36]} Bxe4 {[%clk
0:37:35]} 20. cxd6 {[%clk 0:23:34]} cxd6 {[%clk 0:37:23]} 21. Nc3 {[%clk
0:21:26]} Bxg2 {[%clk 0:36:41]} 22. Kxg2 {[%clk 0:21:47]} Rbc8 {[%clk 0:35:40]}
23. Rb3 {[%clk 0:18:32]} Qf5 {[%clk 0:32:52]} 24. d5 {[%clk 0:11:46]} Nd3
{[%clk 0:26:35]} 25. Ne2 {[%clk 0:10:01]} Rxe2 {[%clk 0:25:37]} 26. Qxd3 {[%clk
0:08:55]} Qxd3 {[%clk 0:25:02]} 27. Rxd3 {[%clk 0:09:17]} Rcc2 {[%clk 0:24:55]}
28. Bxd6 {[%clk 0:08:05]} Rxf2+ {[%clk 0:05:02]} 29. Rxf2 {[%clk 0:08:27]}
Rxf2+ {[%clk 0:05:25]} 30. Kh1 {[%clk 0:08:51]} Rf1+ {[%clk 0:05:24]} 31. Kg2
{[%clk 0:08:57]} Rf2+ {[%clk 0:04:57]} 1/2-1/2

[Event "DVM U16 2019"]
[Site "Magdeburg GER"]
[Date "2019.12.27"]
[Round "1"]
[White "Rabe, Maximilian"]
[Black "Biermann, Lenhard"]
[Result "0-1"]
[Termination "normal"]
[Board "1.3"]
[WhiteElo "1569"]
[BlackElo "2098"]
[WhiteClock "00:01:07"]
[BlackClock "00:02:03"]
[WhiteTeam "Delmenhorster SK V 1931"]
[BlackTeam "Schachgesellschaft Bochum 1931"]
[PlyCount "66"]
[WhiteFideId "12982911"]
[BlackFideId "12970077"]
[EventCountry "GER"]
[EventRounds "7"]
[EventType "team-swiss"]
[EventDate "2019.12.26"]

1. e4 {[%clk 1:30:57]} e6 {[%clk 1:30:56]} 2. d4 {[%clk 1:31:15]} d5 {[%clk
1:31:22]} 3. Bd3 {[%clk 1:31:32]} dxe4 {[%clk 1:27:39]} 4. Bxe4 {[%clk
1:31:06]} Nf6 {[%clk 1:27:37]} 5. Bf3 {[%clk 1:29:18]} Be7 {[%clk 1:25:14]} 6.
Ne2 {[%clk 1:26:09]} O-O {[%clk 1:25:05]} 7. O-O {[%clk 1:24:55]} Nbd7 {[%clk
1:15:28]} 8. c4 {[%clk 1:03:33]} e5 {[%clk 1:06:48]} 9. Nbc3 {[%clk 0:56:26]}
Re8 {[%clk 0:57:16]} 10. Re1 {[%clk 0:44:17]} c6 {[%clk 0:34:36]} 11. Kf1
{[%clk 0:37:17]} Bf8 {[%clk 0:31:04]} 12. Ng3 {[%clk 0:34:12]} exd4 {[%clk
0:28:43]} 13. Qxd4 {[%clk 0:28:05]} Rxe1+ {[%clk 0:28:22]} 14. Kxe1 {[%clk
0:28:24]} Bc5 {[%clk 0:28:30]} 15. Qd3 {[%clk 0:26:04]} Qe7+ {[%clk 0:26:21]}
16. Be2 {[%clk 0:23:12]} Ne5 {[%clk 0:25:50]} 17. Qc2 {[%clk 0:21:41]} Nxc4
{[%clk 0:14:29]} 18. Kf1 {[%clk 0:13:38]} Nd6 {[%clk 0:08:39]} 19. Bf4 {[%clk
0:11:00]} Be6 {[%clk 0:06:21]} 20. Rd1 {[%clk 0:09:35]} Rd8 {[%clk 0:04:11]}
21. Bf3 {[%clk 0:06:39]} Bb6 {[%clk 0:01:50]} 22. b3 {[%clk 0:04:39]} Bc7
{[%clk 0:01:25]} 23. Qc1 {[%clk 0:03:51]} Nde8 {[%clk 0:01:25]} 24. Rxd8 {[%clk
0:03:37]} Qxd8 {[%clk 0:01:50]} 25. Bxc7 {[%clk 0:02:58]} Nxc7 {[%clk 0:02:17]}
26. Qe3 {[%clk 0:03:15]} a6 {[%clk 0:01:17]} 27. Nce4 {[%clk 0:01:41]} Nxe4
{[%clk 0:00:53]} 28. Nxe4 {[%clk 0:02:04]} Nd5 {[%clk 0:00:58]} 29. Qd2 {[%clk
0:01:32]} Qe7 {[%clk 0:01:11]} 30. Nc3 {[%clk 0:01:05]} Nxc3 {[%clk 0:01:32]}
31. Qxc3 {[%clk 0:01:32]} Qd6 {[%clk 0:01:44]} 32. h3 {[%clk 0:01:19]} h6
{[%clk 0:01:47]} 33. Ke2 {[%clk 0:01:07]} Bd5 {[%clk 0:02:03]} 0-1

[Event "DVM U16 2019"]
[Site "Magdeburg GER"]
[Date "2019.12.27"]
[Round "1"]
[White "Gluma, Christian"]
[Black "Alhamid, Mohamad"]
[Result "0-1"]
[Termination "normal"]
[Board "1.4"]
[WhiteElo "1856"]
[BlackElo "1688"]
[WhiteClock "00:29:44"]
[BlackClock "00:36:21"]
[WhiteTeam "Schachgesellschaft Bochum 1931"]
[BlackTeam "Delmenhorster SK V 1931"]
[PlyCount "98"]
[WhiteFideId "16223209"]
[BlackFideId "16235665"]
[EventCountry "GER"]
[EventRounds "7"]
[EventType "team-swiss"]
[EventDate "2019.12.26"]

1. e4 {[%clk 1:30:57]} e5 {[%clk 1:30:39]} 2. Nf3 {[%clk 1:31:23]} Nc6 {[%clk
1:31:06]} 3. Bc4 {[%clk 1:31:47]} Bc5 {[%clk 1:31:32]} 4. c3 {[%clk 1:31:56]}
Nf6 {[%clk 1:31:58]} 5. d3 {[%clk 1:32:06]} a6 {[%clk 1:31:55]} 6. O-O {[%clk
1:32:01]} Ba7 {[%clk 1:32:10]} 7. Nbd2 {[%clk 1:31:36]} O-O {[%clk 1:32:25]} 8.
h3 {[%clk 1:31:16]} d6 {[%clk 1:32:35]} 9. Bb3 {[%clk 1:30:42]} Be6 {[%clk
1:32:05]} 10. Bc2 {[%clk 1:29:31]} h6 {[%clk 1:31:44]} 11. Re1 {[%clk 1:27:36]}
Qd7 {[%clk 1:31:15]} 12. Nf1 {[%clk 1:24:56]} Ne7 {[%clk 1:30:01]} 13. Ng3
{[%clk 1:13:39]} Ng6 {[%clk 1:25:06]} 14. d4 {[%clk 1:01:14]} c6 {[%clk
1:11:23]} 15. Be3 {[%clk 0:53:16]} exd4 {[%clk 1:08:16]} 16. cxd4 {[%clk
0:51:33]} Rad8 {[%clk 0:49:17]} 17. Qd3 {[%clk 0:43:58]} b5 {[%clk 0:31:07]}
18. Nd2 {[%clk 0:37:29]} Rfe8 {[%clk 0:26:04]} 19. f4 {[%clk 0:30:35]} Bc4
{[%clk 0:16:36]} 20. Qc3 {[%clk 0:23:14]} c5 {[%clk 0:16:48]} 21. d5 {[%clk
0:18:43]} Bxd5 {[%clk 0:17:03]} 22. Kh2 {[%clk 0:12:37]} Ba8 {[%clk 0:15:18]}
23. Rad1 {[%clk 0:10:56]} Qc7 {[%clk 0:13:43]} 24. Nf5 {[%clk 0:10:09]} b4
{[%clk 0:13:21]} 25. Qd3 {[%clk 0:09:29]} Nxe4 {[%clk 0:11:45]} 26. Qxa6 {[%clk
0:09:31]} Nxd2 {[%clk 0:10:58]} 27. Bxd2 {[%clk 0:08:35]} Rxe1 {[%clk 0:10:53]}
28. Rxe1 {[%clk 0:08:55]} d5 {[%clk 0:10:32]} 29. Kh1 {[%clk 0:04:14]} d4
{[%clk 0:10:32]} 30. Qf1 {[%clk 0:01:29]} c4 {[%clk 0:08:40]} 31. Ba4 {[%clk
0:01:03]} c3 {[%clk 0:08:40]} 32. bxc3 {[%clk 0:01:19]} bxc3 {[%clk 0:09:02]}
33. Bc1 {[%clk 0:01:36]} Bc6 {[%clk 0:07:39]} 34. Bxc6 {[%clk 0:00:37]} Qxc6
{[%clk 0:08:08]} 35. Qd3 {[%clk 0:00:56]} Re8 {[%clk 0:06:09]} 36. Rd1 {[%clk
0:00:46]} Qe4 {[%clk 0:06:20]} 37. Qb5 {[%clk 0:00:41]} c2 {[%clk 0:06:06]} 38.
Rf1 {[%clk 0:01:00]} Qe2 {[%clk 0:06:00]} 39. Qxe2 {[%clk 0:00:59]} Rxe2 {[%clk
0:06:23]} 40. Ng3 {[%clk 0:01:12]} Re8 {[%clk 0:06:07]} 41. Bd2 {[%clk
0:01:16]} d3 {[%clk 0:05:27]} 42. Rc1 {[%clk 0:01:00]} Be3 {[%clk 0:05:39]} 43.
Re1 {[%clk 0:28:57]} Bxd2 {[%clk 0:35:57]} 44. Rxe8+ {[%clk 0:29:12]} Kh7
{[%clk 0:36:23]} 45. Rc8 {[%clk 0:29:31]} c1=Q+ {[%clk 0:36:29]} 46. Rxc1
{[%clk 0:29:57]} Bxc1 {[%clk 0:36:47]} 47. Ne4 {[%clk 0:30:19]} Nxf4 {[%clk
0:36:52]} 48. Kg1 {[%clk 0:30:01]} f5 {[%clk 0:36:09]} 49. Ng3 {[%clk 0:29:44]}
d2 {[%clk 0:36:21]} 0-1

[Event "DVM U16 2019"]
[Site "Magdeburg GER"]
[Date "2019.12.27"]
[Round "1"]
[White "Huber, Benedikt"]
[Black "Yi, Danny"]
[Result "0-1"]
[Termination "normal"]
[Board "2.1"]
[WhiteElo "2133"]
[BlackElo "2182"]
[WhiteClock "00:01:20"]
[BlackClock "00:10:12"]
[WhiteTeam "SK München Südost"]
[BlackTeam "SF 59 Kornwestheim"]
[PlyCount "62"]
[WhiteFideId "12923583"]
[BlackFideId "12988588"]
[EventCountry "GER"]
[EventRounds "7"]
[EventType "team-swiss"]
[EventDate "2019.12.26"]

1. d4 {[%clk 1:30:55]} Nf6 {[%clk 1:30:52]} 2. Nf3 {[%clk 1:31:02]} g6 {[%clk
1:30:48]} 3. Bg5 {[%clk 1:31:08]} Bg7 {[%clk 1:28:05]} 4. Nbd2 {[%clk 1:31:15]}
d5 {[%clk 1:26:06]} 5. e3 {[%clk 1:30:54]} O-O {[%clk 1:23:43]} 6. Bd3 {[%clk
1:30:07]} c5 {[%clk 1:20:30]} 7. c3 {[%clk 1:30:23]} b6 {[%clk 1:11:15]} 8. Qe2
{[%clk 1:24:57]} Nc6 {[%clk 1:08:19]} 9. O-O-O {[%clk 1:16:38]} c4 {[%clk
0:55:57]} 10. Bb1 {[%clk 1:14:22]} b5 {[%clk 0:54:08]} 11. e4 {[%clk 1:11:50]}
b4 {[%clk 0:45:27]} 12. Bxf6 {[%clk 1:06:05]} Bxf6 {[%clk 0:42:20]} 13. exd5
{[%clk 1:06:05]} bxc3 {[%clk 0:40:15]} 14. bxc3 {[%clk 1:04:29]} Qa5 {[%clk
0:35:43]} 15. Nxc4 {[%clk 0:41:29]} Qxc3+ {[%clk 0:35:06]} 16. Qc2 {[%clk
0:41:51]} Nxd4 {[%clk 0:32:46]} 17. Nxd4 {[%clk 0:37:03]} Bxd4 {[%clk 0:32:33]}
18. Qxc3 {[%clk 0:25:46]} Bxc3 {[%clk 0:32:53]} 19. Be4 {[%clk 0:26:12]} Ba6
{[%clk 0:27:05]} 20. d6 {[%clk 0:20:03]} Rab8 {[%clk 0:26:18]} 21. dxe7 {[%clk
0:15:13]} Rfe8 {[%clk 0:26:41]} 22. Nd6 {[%clk 0:07:01]} Rxe7 {[%clk 0:26:04]}
23. Bd5 {[%clk 0:07:22]} Bb2+ {[%clk 0:24:49]} 24. Kb1 {[%clk 0:07:07]} Bf6+
{[%clk 0:16:28]} 25. Bb3 {[%clk 0:07:11]} Re2 {[%clk 0:15:48]} 26. Rd5 {[%clk
0:04:28]} Rb6 {[%clk 0:12:52]} 27. Kc1 {[%clk 0:01:00]} Rc6+ {[%clk 0:10:43]}
28. Kd1 {[%clk 0:01:22]} Rb2 {[%clk 0:09:28]} 29. Nxf7 {[%clk 0:00:34]} Be2+
{[%clk 0:09:46]} 30. Ke1 {[%clk 0:00:56]} Rc1+ {[%clk 0:09:58]} 31. Bd1 {[%clk
0:01:20]} Bc3+ {[%clk 0:10:12]} 0-1

[Event "DVM U16 2019"]
[Site "Magdeburg GER"]
[Date "2019.12.27"]
[Round "1"]
[White "Afonso, Nils"]
[Black "Lohvinov, Petro"]
[Result "1-0"]
[Termination "normal"]
[Board "2.2"]
[WhiteElo "1955"]
[BlackElo "2032"]
[WhiteClock "00:06:16"]
[BlackClock "00:02:41"]
[WhiteTeam "SF 59 Kornwestheim"]
[BlackTeam "SK München Südost"]
[PlyCount "147"]
[WhiteFideId "12990582"]
[BlackFideId "14176661"]
[EventCountry "GER"]
[EventRounds "7"]
[EventType "team-swiss"]
[EventDate "2019.12.26"]

1. d4 {[%clk 1:30:58]} Nf6 {[%clk 1:30:55]} 2. c4 {[%clk 1:31:21]} g6 {[%clk
1:31:21]} 3. Nc3 {[%clk 1:31:45]} Bg7 {[%clk 1:31:48]} 4. e4 {[%clk 1:32:08]}
d6 {[%clk 1:32:14]} 5. f3 {[%clk 1:32:33]} O-O {[%clk 1:32:38]} 6. Bg5 {[%clk
1:32:58]} c5 {[%clk 1:30:01]} 7. d5 {[%clk 1:33:15]} a6 {[%clk 1:30:03]} 8. Qd2
{[%clk 1:31:15]} Qa5 {[%clk 1:24:19]} 9. a4 {[%clk 1:25:33]} Nbd7 {[%clk
1:15:29]} 10. Nh3 {[%clk 1:21:56]} Ne5 {[%clk 1:13:14]} 11. Nf2 {[%clk
1:18:15]} Qb4 {[%clk 1:06:40]} 12. a5 {[%clk 1:02:15]} b5 {[%clk 0:53:55]} 13.
cxb5 {[%clk 0:55:43]} axb5 {[%clk 0:53:39]} 14. Nxb5 {[%clk 0:52:55]} Qxd2+
{[%clk 0:52:32]} 15. Bxd2 {[%clk 0:52:50]} Ba6 {[%clk 0:42:22]} 16. Na3 {[%clk
0:38:06]} Bxf1 {[%clk 0:39:41]} 17. Kxf1 {[%clk 0:38:30]} Rfb8 {[%clk 0:39:48]}
18. Bc3 {[%clk 0:38:13]} Nh5 {[%clk 0:37:42]} 19. Ra2 {[%clk 0:21:25]} Nf4
{[%clk 0:35:21]} 20. Bxe5 {[%clk 0:16:15]} Bxe5 {[%clk 0:35:28]} 21. Nc4 {[%clk
0:16:39]} Bd4 {[%clk 0:31:50]} 22. g3 {[%clk 0:16:06]} Rb4 {[%clk 0:24:46]} 23.
b3 {[%clk 0:12:19]} Bxf2 {[%clk 0:10:55]} 24. gxf4 {[%clk 0:12:30]} Bd4 {[%clk
0:11:19]} 25. Ra3 {[%clk 0:12:08]} Kf8 {[%clk 0:08:03]} 26. h4 {[%clk 0:11:49]}
h5 {[%clk 0:08:04]} 27. Rh2 {[%clk 0:11:30]} Ke8 {[%clk 0:07:19]} 28. Rha2
{[%clk 0:10:18]} Ra6 {[%clk 0:06:08]} 29. Kg2 {[%clk 0:07:05]} Rb5 {[%clk
0:04:19]} 30. e5 {[%clk 0:05:40]} Bc3 {[%clk 0:03:19]} 31. exd6 {[%clk
0:04:30]} exd6 {[%clk 0:03:44]} 32. Rc2 {[%clk 0:04:42]} Bd4 {[%clk 0:03:12]}
33. Kg3 {[%clk 0:03:15]} Kd7 {[%clk 0:02:59]} 34. f5 {[%clk 0:03:18]} Rb8
{[%clk 0:01:57]} 35. Kf4 {[%clk 0:02:58]} Bf6 {[%clk 0:01:41]} 36. Re2 {[%clk
0:01:38]} Bxh4 {[%clk 0:01:13]} 37. fxg6 {[%clk 0:00:43]} fxg6 {[%clk 0:01:39]}
38. Re6 {[%clk 0:01:02]} Rf8+ {[%clk 0:01:44]} 39. Ke4 {[%clk 0:01:28]} Re8
{[%clk 0:01:04]} 40. Nb6+ {[%clk 0:01:40]} Kd8 {[%clk 0:01:14]} 41. f4 {[%clk
0:01:02]} Be1 {[%clk 0:18:33]} 42. Nc4 {[%clk 0:30:01]} Rxe6+ {[%clk 0:15:58]}
43. dxe6 {[%clk 0:30:21]} Ke7 {[%clk 0:15:49]} 44. Kd5 {[%clk 0:30:39]} h4
{[%clk 0:13:58]} 45. Ra1 {[%clk 0:30:08]} Bg3 {[%clk 0:13:35]} 46. Rf1 {[%clk
0:29:02]} h3 {[%clk 0:09:04]} 47. f5 {[%clk 0:27:53]} gxf5 {[%clk 0:09:33]} 48.
Rxf5 {[%clk 0:28:10]} h2 {[%clk 0:09:08]} 49. Rf7+ {[%clk 0:27:59]} Ke8 {[%clk
0:09:23]} 50. Rh7 {[%clk 0:28:21]} Ra7 {[%clk 0:07:56]} 51. Rh8+ {[%clk
0:28:33]} Ke7 {[%clk 0:08:21]} 52. Ne3 {[%clk 0:28:21]} Be5 {[%clk 0:06:17]}
53. Rh6 {[%clk 0:28:01]} Rxa5 {[%clk 0:03:41]} 54. Nf5+ {[%clk 0:25:57]} Kd8
{[%clk 0:04:10]} 55. Rh7 {[%clk 0:03:11]} Ra1 {[%clk 0:02:05]} 56. Rd7+ {[%clk
0:03:06]} Kc8 {[%clk 0:02:21]} 57. Ne7+ {[%clk 0:03:24]} Kb8 {[%clk 0:02:49]}
58. Kc6 {[%clk 0:03:35]} h1=Q+ {[%clk 0:03:17]} 59. Kb6 {[%clk 0:03:57]} Qh8
{[%clk 0:01:55]} 60. Rb7+ {[%clk 0:03:00]} Ka8 {[%clk 0:02:17]} 61. Nd5 {[%clk
0:03:29]} Qd8+ {[%clk 0:01:19]} 62. Nc7+ {[%clk 0:03:51]} Qxc7+ {[%clk
0:01:45]} 63. Rxc7 {[%clk 0:04:12]} d5 {[%clk 0:01:59]} 64. Rc8+ {[%clk
0:04:34]} Bb8 {[%clk 0:02:24]} 65. e7 {[%clk 0:04:59]} Re1 {[%clk 0:02:40]} 66.
e8=Q {[%clk 0:05:23]} Rxe8 {[%clk 0:03:09]} 67. Rxe8 {[%clk 0:05:44]} c4 {[%clk
0:03:16]} 68. b4 {[%clk 0:04:35]} c3 {[%clk 0:03:23]} 69. b5 {[%clk 0:04:42]}
c2 {[%clk 0:03:42]} 70. Rc8 {[%clk 0:05:09]} d4 {[%clk 0:03:42]} 71. Rxc2
{[%clk 0:05:30]} Be5 {[%clk 0:01:50]} 72. Rc8+ {[%clk 0:05:31]} Bb8 {[%clk
0:02:18]} 73. Ka6 {[%clk 0:05:52]} d3 {[%clk 0:02:41]} 74. b6 {[%clk 0:06:16]}
1-0

[Event "DVM U16 2019"]
[Site "Magdeburg GER"]
[Date "2019.12.27"]
[Round "1"]
[White "Costa, Leonardo"]
[Black "Kluge, Malte"]
[Result "1-0"]
[Termination "normal"]
[Board "2.3"]
[WhiteElo "2048"]
[BlackElo "1679"]
[WhiteClock "00:36:48"]
[BlackClock "00:31:26"]
[WhiteTeam "SK München Südost"]
[BlackTeam "SF 59 Kornwestheim"]
[PlyCount "109"]
[WhiteFideId "16213955"]
[BlackFideId "16243838"]
[EventCountry "GER"]
[EventRounds "7"]
[EventType "team-swiss"]
[EventDate "2019.12.26"]

1. e4 {[%clk 1:30:59]} c5 {[%clk 1:30:51]} 2. Nf3 {[%clk 1:31:25]} Nc6 {[%clk
1:31:00]} 3. d4 {[%clk 1:31:49]} cxd4 {[%clk 1:30:54]} 4. Nxd4 {[%clk 1:32:14]}
g6 {[%clk 1:30:12]} 5. c4 {[%clk 1:32:33]} Bg7 {[%clk 1:29:42]} 6. Be3 {[%clk
1:32:51]} Nf6 {[%clk 1:27:19]} 7. Nc3 {[%clk 1:33:02]} d6 {[%clk 1:26:38]} 8.
Be2 {[%clk 1:33:17]} O-O {[%clk 1:24:50]} 9. O-O {[%clk 1:33:24]} Bd7 {[%clk
1:21:39]} 10. Nc2 {[%clk 1:31:30]} a5 {[%clk 1:12:06]} 11. f3 {[%clk 1:24:16]}
Nb4 {[%clk 0:47:07]} 12. Na3 {[%clk 1:11:42]} Bc6 {[%clk 0:42:52]} 13. Qd2
{[%clk 1:10:39]} Nd7 {[%clk 0:36:42]} 14. Rfc1 {[%clk 1:01:46]} Rc8 {[%clk
0:31:07]} 15. Bf1 {[%clk 0:44:44]} b6 {[%clk 0:23:16]} 16. Nab5 {[%clk
0:36:00]} Na6 {[%clk 0:20:08]} 17. Na7 {[%clk 0:30:50]} Rc7 {[%clk 0:18:22]}
18. Nxc6 {[%clk 0:30:35]} Rxc6 {[%clk 0:18:41]} 19. Nd5 {[%clk 0:30:32]} Nac5
{[%clk 0:16:11]} 20. Rab1 {[%clk 0:28:41]} e6 {[%clk 0:13:59]} 21. Nc3 {[%clk
0:27:36]} Qe7 {[%clk 0:12:41]} 22. Rd1 {[%clk 0:26:27]} Rd8 {[%clk 0:11:50]}
23. Nb5 {[%clk 0:23:57]} Nf6 {[%clk 0:11:05]} 24. e5 {[%clk 0:21:07]} Ne8
{[%clk 0:10:16]} 25. exd6 {[%clk 0:21:00]} Nxd6 {[%clk 0:10:28]} 26. Bxc5 bxc5
{[%clk 0:10:24]} 27. Qxa5 {[%clk 0:21:38]} Rcc8 {[%clk 0:05:23]} 28. a3 {[%clk
0:14:01]} Ra8 {[%clk 0:04:15]} 29. Qe1 {[%clk 0:06:55]} Nxb5 {[%clk 0:03:21]}
30. cxb5 {[%clk 0:07:07]} Bd4+ {[%clk 0:03:35]} 31. Kh1 {[%clk 0:07:28]} Qb7
{[%clk 0:03:05]} 32. b4 {[%clk 0:06:26]} cxb4 {[%clk 0:02:11]} 33. Qxb4 {[%clk
0:06:48]} Bb6 {[%clk 0:01:34]} 34. Bd3 {[%clk 0:03:25]} f5 {[%clk 0:01:11]} 35.
Bc4 {[%clk 0:03:40]} Kf7 {[%clk 0:01:13]} 36. Re1 {[%clk 0:03:25]} Re8 {[%clk
0:01:16]} 37. Qd6 {[%clk 0:02:34]} Qe7 {[%clk 0:00:59]} 38. Qxb6 {[%clk
0:02:49]} Rxa3 {[%clk 0:01:02]} 39. Rxe6 {[%clk 0:02:50]} Qxe6 {[%clk 0:00:50]}
40. Bxe6+ {[%clk 0:03:11]} Rxe6 {[%clk 0:01:13]} 41. Qc7+ {[%clk 0:03:07]} Re7
{[%clk 0:00:46]} 42. Qc4+ {[%clk 0:03:31]} Kf8 {[%clk 0:00:57]} 43. Qb4 {[%clk
0:03:15]} Raa7 {[%clk 0:28:25]} 44. b6 {[%clk 0:33:19]} Rab7 {[%clk 0:28:47]}
45. Re1 {[%clk 0:33:28]} Kf7 {[%clk 0:28:19]} 46. Rxe7+ {[%clk 0:33:51]} Rxe7
{[%clk 0:28:46]} 47. Qxe7+ {[%clk 0:34:16]} Kxe7 {[%clk 0:29:05]} 48. b7 {[%clk
0:34:42]} Kf6 {[%clk 0:29:30]} 49. b8=Q {[%clk 0:35:05]} Kg5 {[%clk 0:29:56]}
50. h4+ {[%clk 0:35:19]} Kxh4 {[%clk 0:30:13]} 51. Kh2 {[%clk 0:35:15]} Kh5
{[%clk 0:30:32]} 52. Kh3 {[%clk 0:35:31]} h6 {[%clk 0:30:45]} 53. g4+ {[%clk
0:35:55]} fxg4+ {[%clk 0:31:04]} 54. fxg4+ {[%clk 0:36:21]} Kg5 {[%clk
0:31:26]} 55. Qe5# {[%clk 0:36:48]} 1-0